Sports Quiz

Random Sports or Famous Quiz
Score 0/20 Timer 10:00
0 Plays Today
Allegation Player % Correct
2010 Pittsburgh Steelers - accused of sexually assaulting a Georgia college studentBen Roethlisberger
97.2%
2007 Atlanta Falcons - involved in running an interstate dog-fighting operationMichael Vick
95.7%
2007 Tennessee Titans, 2008 Dallas Cowboys - suspension involving a brawl and shooting at a Las Vegas night club, and 4 games in 2008 following an incident with a bodyguardPacman Jones
86.5%
2007 Cincinnati Bengals - arrested four times on charges that included reckless operation of a car, misdemeanor marijuana possession and a felony gun chargeChris Henry
73%
2010 San Diego Chargers - pleaded guilty to his second DUIVincent Jackson
72.3%
2009 Cleveland Browns - pleaded guilty to DUI and second-degree manslaughterDonte Stallworth
70.9%
2009 Buffalo Bills - pleaded guilty to a misdemeanor gun chargeMarshawn Lynch
60.3%
2008 Kansas City Chiefs - suspended one game for allegedly spitting on a woman in a clubLarry Johnson
50.4%
2008 Denver Broncos - suspended following a string of off-field incidents, including an arrest on a domestic violence warrant from a former girlfriendBrandon Marshall
45.4%
2007 Chicago Bears - probation violation involving a weapons chargeTank Johnson
42.6%
Allegation Player % Correct
2010 Tampa Bay Buccaneers - punched a cab driverAqib Talib
18.4%
2008 Minnesota Vikings - charged on aggravated battery, disorderly conduct and resisting arrest outside a Miami night spotBryant McKinnie
12.1%
2006/2007 Cincinnati Bengals - suspended four games of the 2006 and the entirety of 2007 with various substance abuse and assault chargesOdell Thurman
7.1%
2007 Seattle Seahawks - convicted of an 'extreme DUI' charge in Arizona, his BAC level was three times beyond the legal limitJerramy Stevens
2.8%
2006 Chicago Bears - suspended one game after he plead no contest to a felony assault chargeRicky Manning
2.8%
2007 Minnesota Vikings - charged with battery on a law enforcement officer, disorderly conduct, resisting arrest and trespassing when had had to be Tasered out of a Miami cabFred Evans
2.1%
2009 Seattle Seahawks - arrested on domestic assault chargesLeroy Hill
2.1%
2008 Oakland Raiders - suspended one game after he was charged with domestic batteryFabian Washington
0.7%
2008 Seattle Seahawks - suspended one game for assaulting his ex-girlfriendRocky Bernard
0.7%
2009 New York Giants - suspended for one game as a result of a domestic battery chargeMichael Boley
0.7%
Remove Ads.
Support Sporcle.
Get the best of Sporcle when you Go Orange. This ad-free experience offers more features, more stats, and more fun while also helping to support Sporcle. Thank you for becoming a member.

You're not logged in!

Compare scores with friends on all Sporcle quizzes.
OR
Log In

Show Comments

Extras

Top Quizzes Today


Score Distribution

Your Account Isn't Verified!

In order to create a playlist on Sporcle, you need to verify the email address you used during registration. Go to your Sporcle Settings to finish the process.

Report this User

Report this user for behavior that violates our Community Guidelines.

Details: